Собрание сочинений. Т. 4: Алые паруса | Блистающий мир | Золотая цепь | Сокровище африканских гор (Запись № 7145867)

Подробности
000 -МАРКЕР
контрольное поле 01816nam2a22003011 4500
001 - ИДЕНТИФИКАТОР ЗАПИСИ
контрольное поле rc\40979
005 - ИДЕНТИФИКАТОР ВЕРСИИ
контрольное поле 20250620193051.0
010 ## - МЕЖДУНАРОДНЫЙ СТАНДАРТНЫЙ НОМЕР КНИГИ (ISBN)
Номер (ISBN) 5-280-02046-X
Тираж 25000
035 ## - ДРУГИЕ СИСТЕМНЫЕ НОМЕРА
Идентификатор записи (NLR Aleph) 005385964
100 ## - ДАННЫЕ ОБЩЕЙ ОБРАБОТКИ
Данные общей обработки 20021216d1994 |||y0rusy50 ca
101 0# - ЯЗЫК РЕСУРСА
Язык текста, звукозаписи и т.д. русский
102 ## - СТРАНА ПУБЛИКАЦИИ ИЛИ ПРОИЗВОДСТВА
Страна публикации Российская Федерация
105 ## - ПОЛЕ КОДИРОВАННЫХ ДАННЫХ: ТЕКСТОВЫЕ МАТЕРИАЛЫ, МОНОГРАФИЧЕСКИЕ
Кодированные данные о монографическом текстовом документе y |||||||||
200 1# - ЗАГЛАВИЕ И СВЕДЕНИЯ ОБ ОТВЕТСТВЕННОСТИ
Основное заглавие Алые паруса
-- Блистающий мир
-- Золотая цепь
-- Сокровище африканских гор
Сведения, относящиеся к заглавию Романы
Первые сведения об ответственности [Сост. с науч. подгот. текста В. Россельса
Последующие сведения об ответственности Примеч. А. Ревякиной]
210 ## - ПУБЛИКАЦИЯ, РАСПРОСТРАНЕНИЕ И ДР.
Дата издания, распространения и т.д. 1994
Место издания, распространения и т.д. Б. м.
215 ## - ФИЗИЧЕСКАЯ ХАРАКТЕРИСТИКА
Специфическое обозначение материала и объем 541, [2] с.
320 ## - ПРИМЕЧАНИЯ О НАЛИЧИИ В ДОКУМЕНТЕ БИБЛИОГРАФИИ / УКАЗАТЕЛЯ
Текст примечания Библиогр. в примеч.: с. 513-541
327 0# - ПРИМЕЧАНИЯ О СОДЕРЖАНИИ
Текст примечания В прил.: ...Сочинительство всегда было внешней моей профессией; Мотылек медной иглы
461 #0 - УРОВЕНЬ НАБОРА
Встроенное поле 001rc\40975
-- 2001#$aСобрание сочинений$eВ 5 т.$fА.С. Грин$g[Вступ. ст., с. 5-36, сост. В. Ковского$gПримеч. А. Ревякиной]$vТ. 4
-- 700#1$aГрин$bА.С.$gАлександр Степанович$f1880-1932$3RU\NLR\AUTH\7712241
Системный номер (АБИС) связанной записи 7145831
Автор Грин, А. С. (1880-1932)
Место публикации М.
Дата публикации 1991-
Первые сведения об ответственности А.С. Грин
Имя издателя, распространителя и т.д. Худож. лит.
Сведения, относящиеся к заглавию В 5 т.
Заглавие Собрание сочинений
ISBN 5280016098
Номер тома Т. 4
464 #0 - АНАЛИТИЧЕСКИЙ УРОВЕНЬ
Встроенное поле 2001#$aˆ...‰Сочинительство всегда было внешней моей профессией
Заглавие ˆ...‰Сочинительство всегда было внешней моей профессией
464 #0 - АНАЛИТИЧЕСКИЙ УРОВЕНЬ
Встроенное поле 2001#$aМотылек медной иглы
Заглавие Мотылек медной иглы
801 #0 - ИСТОЧНИК ЗАПИСИ
Страна Российская Федерация
Организация NLR
Правила каталогизации psbo
801 #1 - ИСТОЧНИК ЗАПИСИ
Страна Российская Федерация
Организация ELAR
Источник данных rusmarc
852 ## - МЕСТОНАХОЖДЕНИЕ И ШИФР ХРАНЕНИЯ
Идентификатор организации NLR
Шифр хранения (Call Number) 91-3/1183
942 ## - ДОПОЛНИТЕЛЬНЫЕ ЭЛЕМЕНТЫ ЗАПИСИ (АБИС)
Тип экземпляра АБИС Книга
980 ## - КОЛЛЕКЦИЯ
Название коллекции Национальная библиография
Экземпляры
Тип экземпляра Дата поступления Библиотека постоянного хранения Библиотека текущего хранения Место хранения Шифр хранения Штрих-код Статус экземпляра Стоимость Источник поступления
Книга 26.10.2013 РНБ (Московский) РНБ (Московский) Русский книжный фонд: издания с 1957 года 91-3/1183 5385964-10      
Книга 05.02.2014 РНБ (Московский) РНБ (Московский) Фонд общего зала литературы по филологии, педагогике и искусству (гуманитарной литературы) Л1 Ш6(2=Р)7/Г-850 1-319725   3770.00  
Книга 30.03.2014 РНБ (Садовая) РНБ (Садовая) Фонд научного зала литературы и искусства Нз Ш6(2=Р)7/Г-850 1-456160     Подсобные фонды РНБ